| 000 | 00800nam a22002177a 4500 | ||
|---|---|---|---|
| 999 |
_c11238 _d11238 |
||
| 003 | AR-CdUCM | ||
| 008 | 190403b ||||| |||| 00| 0 spa d | ||
| 040 |
_aMUNICIPALIDAD PROVINCIAL DEL CUSCO _cBIBLIOTECA MUNICIPAL DEL CUSCO |
||
| 082 |
_22 ed. _a621.37 / _bC26 / |
||
| 100 |
_aCaro y Anchia, Ricardo _928500 |
||
| 245 | _aMediciones eléctricas de laboratorio / | ||
| 260 |
_aMadrid : _bGallach, |
||
| 300 |
_a208 páginas ; _c17 cm. |
||
| 440 |
_aBiblioteca del electricista práctico _nVolúmenes del 1 a 30 _928501 |
||
| 505 | _aContenido : Medidas de intensidades -- Amperímetros, shunts y transformadores de intensidad -- Medida de potenciales ... | ||
| 650 |
_aManual _97438 |
||
| 650 |
_aPráctico _928502 |
||
| 650 |
_aElectricidad _915840 |
||
| 942 |
_2ddc _cLIBROS |
||
| 945 | _arah | ||